007920000a22001810004500008004100000082001600041100002700057245023100084260002700315300004500342650003400387650003000421650002400451700002400475942000700499952009100506999001300597230817t ||||| |||| 00| 0 eng d a363.96bPET aPetchesky, Rosalind P. aGlobal feminist perspectives on reproductive rights and reproductive health:ba report on the special sessions held at the fourth International Interdisciplinary Congress on Women, Hunter College, New York City, June 3-7, 1990 a[New York?]:c [1990?] a v, 55 p. ; 28 cmbBibliography included aAbortion- Law and legislation aWomen- Health and hygiene aPro-choice movement aWeiner, Jennifer A. cRP 00104070aMAINbMAINd2023-08-17l0o363.96 PETpRAF3577r2023-08-17w2023-08-17yRP c292d292